[Event "World Youth & Cadets Rapid Championships"]
[Site "Rhodes, Greece"]
[Date "2022.05.02"]
[Round "7.13"]
[White "Mamedov, Edgar"]
[Black "Karvatskyi, Oleksii"]
[Result "1-0"]
[TimeControl "10'/game & 5\"/move"]
[WhiteElo "1854"]
[BlackElo "1919"]

1. d4 {[%clk 00:10:08]} {[%emt 00:00:02]} Nf6 {[%clk 00:10:09]} {[%emt
00:00:02]} 2. c4 {[%clk 00:10:11]} {[%emt 00:00:02]} g6 {[%clk 00:10:13]}
{[%emt 00:00:01]} 3. Nc3 {[%clk 00:10:13]} {[%emt 00:00:03]} d5 {[%clk
00:10:17]} {[%emt 00:00:01]} 4. cxd5 {[%clk 00:10:15]} {[%emt 00:00:03]} Nxd5
{[%emt 00:00:02]} 5. e4 {[%clk 00:10:18]} {[%emt 00:00:02]} Nxc3 {[%clk
00:10:21]} {[%emt 00:00:04]} 6. bxc3 {[%clk 00:10:20]} {[%emt 00:00:03]} Bg7
{[%clk 00:10:21]} {[%emt 00:00:05]} 7. Bc4 {[%clk 00:10:22]} {[%emt 00:00:03]}
c5 {[%clk 00:10:21]} {[%emt 00:00:04]} 8. Ne2 {[%clk 00:10:25]} {[%emt
00:00:03]} Nc6 {[%clk 00:10:18]} {[%emt 00:00:08]} 9. Be3 {[%clk 00:10:28]}
{[%emt 00:00:02]} O-O {[%clk 00:10:14]} {[%emt 00:00:09]} 10. O-O {[%clk
00:10:29]} {[%emt 00:00:03]} Qc7 {[%clk 00:10:09]} {[%emt 00:00:10]} 11. Rc1
{[%clk 00:10:32]} {[%emt 00:00:03]} Rd8 {[%clk 00:10:09]} {[%emt 00:00:04]} 12.
Qd2 {[%clk 00:10:31]} {[%emt 00:00:06]} b6 {[%clk 00:07:10]} {[%emt 00:03:04]}
13. Bh6 {[%clk 00:07:49]} {[%emt 00:02:47]} Bh8 {[%clk 00:06:31]} {[%emt
00:00:44]} 14. Bf4 {[%clk 00:07:41]} {[%emt 00:00:13]} Qb7 {[%clk 00:06:17]}
{[%emt 00:00:20]} 15. Rfd1 {[%clk 00:06:56]} {[%emt 00:00:50]} e6 {[%clk
00:02:38]} {[%emt 00:03:45]} 16. Bg5 {[%clk 00:05:53]} {[%emt 00:01:07]} Rd7
{[%clk 00:02:21]} {[%emt 00:00:22]} 17. Qf4 {[%clk 00:02:34]} {[%emt 00:03:24]}
b5 {[%clk 00:01:23]} {[%emt 00:01:03]} 18. Bb3 {[%clk 00:02:23]} {[%emt
00:00:17]} e5 {[%clk 00:00:46]} {[%emt 00:00:41]} 19. dxe5 {[%clk 00:01:46]}
{[%emt 00:00:40]} Bxe5 {[%clk 00:00:48]} {[%emt 00:00:04]} 20. Qe3 {[%clk
00:01:19]} {[%emt 00:00:33]} c4 {[%clk 00:00:47]} {[%emt 00:00:06]} 21. Bc2
{[%clk 00:01:18]} {[%emt 00:00:05]} Rxd1+ {[%clk 00:00:51]} 22. Rxd1 {[%clk
00:01:22]} {[%emt 00:00:02]} Be6 {[%clk 00:00:55]} {[%emt 00:00:01]} 23. f4
{[%clk 00:01:20]} {[%emt 00:00:06]} Bc7 {[%clk 00:00:59]} {[%emt 00:00:01]} 24.
f5 {[%clk 00:01:20]} {[%emt 00:00:05]} Bb6 {[%clk 00:00:50]} {[%emt 00:00:15]}
25. Nd4 {[%clk 00:01:24]} Bd7 {[%clk 00:00:34]} {[%emt 00:00:21]} 26. Bf6
{[%clk 00:01:15]} {[%emt 00:00:13]} Bc5 {[%clk 00:00:27]} {[%emt 00:00:13]} 27.
e5 {[%clk 00:01:05]} {[%emt 00:00:15]} Re8 {[%clk 00:00:21]} {[%emt 00:00:11]}
28. Qh6 {[%clk 00:00:58]} {[%emt 00:00:12]} Bf8 {[%clk 00:00:24]} {[%emt
00:00:02]} 29. Qf4 {[%clk 00:00:41]} {[%emt 00:00:22]} Ne7 {[%clk 00:00:14]}
{[%emt 00:00:14]} 30. Bxe7 {[%clk 00:00:34]} {[%emt 00:00:12]} Bxe7 {[%clk
00:00:14]} {[%emt 00:00:06]} 31. e6 {[%clk 00:00:37]} {[%emt 00:00:02]} fxe6
{[%clk 00:00:08]} {[%emt 00:00:11]} 32. fxg6 {[%clk 00:00:36]} {[%emt
00:00:05]} hxg6 {[%clk 00:00:07]} {[%emt 00:00:06]} 33. Bxg6 {[%clk 00:00:38]}
{[%emt 00:00:03]} Rf8 {[%clk 00:00:07]} {[%emt 00:00:05]} 34. Qh6 {[%clk
00:00:41]} {[%emt 00:00:02]} Rf7 {[%clk 00:00:11]} {[%emt 00:00:02]} 35. Bxf7+
{[%clk 00:00:45]} Kxf7 {[%clk 00:00:14]} {[%emt 00:00:01]} 36. Rf1+ {[%clk
00:00:49]} {[%emt 00:00:01]} Kg8 {[%clk 00:00:14]} {[%emt 00:00:05]} 37. Qg6+
{[%clk 00:00:51]} {[%emt 00:00:04]} Kh8 {[%clk 00:00:18]} {[%emt 00:00:01]} 38.
Qh5+ {[%clk 00:00:54]} {[%emt 00:00:02]} Kg8 {[%clk 00:00:20]} {[%emt
00:00:02]} 39. Qf7+ {[%clk 00:00:58]} {[%emt 00:00:02]} Kh8 {[%clk 00:00:24]}
40. Qxe7 {[%clk 00:01:02]} {[%emt 00:00:01]} e5 {[%clk 00:00:24]} {[%emt
00:00:05]} 41. Rf8# {[%clk 00:01:05]} {[%emt 00:00:01]} 1-0

[Event "World Youth & Cadets Rapid Championships"]
[Site "Rhodes, Greece"]
[Date "2022.05.02"]
[Round "7.14"]
[White "Begmuratov, Khumoyun"]
[Black "Kuru, Atilla"]
[Result "1-0"]
[TimeControl "10'/game & 5\"/move"]
[WhiteElo "1977"]
[BlackElo "2023"]

1. e4 {[%clk 00:10:09]} e6 {[%clk 00:10:09]} {[%emt 00:00:02]} 2. d3 {[%clk
00:10:12]} {[%emt 00:00:02]} d5 {[%clk 00:10:12]} {[%emt 00:00:02]} 3. Nd2
{[%clk 00:10:15]} {[%emt 00:00:02]} c5 {[%clk 00:10:15]} {[%emt 00:00:02]} 4.
g3 {[%clk 00:10:12]} {[%emt 00:00:08]} Nc6 {[%clk 00:10:15]} {[%emt 00:00:05]}
5. Bg2 {[%clk 00:10:12]} {[%emt 00:00:05]} Nf6 {[%clk 00:10:18]} {[%emt
00:00:02]} 6. Ngf3 {[%clk 00:10:11]} {[%emt 00:00:06]} dxe4 {[%clk 00:10:21]}
{[%emt 00:00:02]} 7. dxe4 {[%clk 00:10:06]} {[%emt 00:00:10]} e5 {[%clk
00:10:24]} {[%emt 00:00:02]} 8. O-O {[%clk 00:10:03]} {[%emt 00:00:08]} Be6
{[%clk 00:10:26]} {[%emt 00:00:03]} 9. c3 {[%clk 00:09:21]} {[%emt 00:00:47]}
Qc7 {[%clk 00:10:22]} {[%emt 00:00:09]} 10. Qe2 {[%clk 00:09:11]} {[%emt
00:00:15]} Be7 {[%clk 00:10:20]} {[%emt 00:00:06]} 11. Rd1 {[%clk 00:08:50]}
{[%emt 00:00:26]} O-O {[%clk 00:10:22]} {[%emt 00:00:04]} 12. Nf1 {[%clk
00:08:47]} {[%emt 00:00:09]} Rfd8 {[%clk 00:10:19]} {[%emt 00:00:07]} 13. Rxd8+
{[%clk 00:08:13]} {[%emt 00:00:39]} Rxd8 {[%clk 00:10:22]} {[%emt 00:00:02]} 14.
Bg5 {[%clk 00:08:12]} {[%emt 00:00:06]} Ne8 {[%clk 00:09:36]} {[%emt 00:00:51]}
15. Bxe7 {[%clk 00:07:41]} {[%emt 00:00:36]} Qxe7 {[%clk 00:09:39]} {[%emt
00:00:02]} 16. Ne3 {[%clk 00:07:42]} {[%emt 00:00:04]} Nc7 {[%clk 00:09:31]}
{[%emt 00:00:22]} 17. h4 b5 {[%emt 00:00:20]} 18. Ng5 {[%emt 00:00:27]} h6
{[%clk 00:09:11]} {[%emt 00:00:12]} 19. Nxe6 {[%clk 00:07:16]} {[%emt
00:00:02]} fxe6 {[%clk 00:09:08]} {[%emt 00:00:17]} 20. Rd1 a5 {[%clk
00:08:59]} {[%emt 00:00:43]} 21. Bh3 a4 {[%emt 00:01:17]} 22. Rxd8+ {[%clk
00:05:41]} Qxd8 {[%emt 00:00:43]} 23. Kg2 {[%clk 00:05:02]} {[%emt 00:00:12]}
c4 {[%emt 00:00:19]} 24. a3 {[%emt 00:00:25]} Qd6 {[%clk 00:07:41]} {[%emt
00:00:31]} 25. Qg4 {[%clk 00:04:08]} Ne7 {[%clk 00:07:41]} 26. Qh5 {[%clk
00:04:08]} {[%emt 00:01:21]} Kh7 {[%clk 00:06:57]} 27. Qf7 {[%clk 00:03:54]}
{[%emt 00:01:07]} Ng8 {[%clk 00:05:22]} 28. Bf5+ {[%clk 00:02:20]} {[%emt
00:03:19]} Kh8 {[%clk 00:04:16]} 29. Bg6 {[%clk 00:02:01]} {[%emt 00:01:36]}
Qe7 {[%clk 00:03:57]} 30. Ng4 {[%clk 00:01:48]} {[%emt 00:00:42]} Qxf7 {[%clk
00:03:14]} 31. Bxf7 {[%clk 00:01:52]} {[%emt 00:00:49]} Nf6 {[%clk 00:03:18]}
32. Nxe5 {[%clk 00:01:54]} {[%emt 00:00:04]} Nxe4 {[%clk 00:03:10]} 33. Ng6+
{[%clk 00:01:56]} {[%emt 00:00:16]} Kh7 {[%clk 00:03:14]} 34. Nf8+ {[%clk
00:02:00]} {[%emt 00:00:02]} Kh8 {[%clk 00:03:17]} 35. Nxe6 {[%clk 00:01:50]}
{[%emt 00:00:17]} Nd5 {[%clk 00:02:39]} {[%emt 00:00:42]} 36. Be8 {[%clk
00:01:09]} {[%emt 00:00:46]} Nd6 {[%clk 00:02:24]} {[%emt 00:00:18]} 37. Bc6
{[%clk 00:01:12]} {[%emt 00:00:05]} Ne7 {[%clk 00:02:20]} {[%emt 00:00:08]} 38.
Bd7 {[%clk 00:01:16]} {[%emt 00:00:02]} Nd5 {[%clk 00:02:02]} {[%emt 00:00:23]}
39. Nd4 {[%clk 00:01:04]} {[%emt 00:00:17]} Kg8 {[%clk 00:01:34]} {[%emt
00:01:13]} 40. Kf3 {[%clk 00:00:39]} {[%emt 00:00:10]} Nf4 41. Kxf4 {[%clk
00:00:36]} Kf7 {[%clk 00:01:31]} {[%emt 00:00:02]} 42. Ke5 {[%clk 00:00:31]}
{[%emt 00:00:09]} Ke7 {[%clk 00:01:35]} 43. Bc6 {[%clk 00:00:35]} {[%emt
00:00:02]} g6 {[%clk 00:01:26]} {[%emt 00:00:14]} 44. f3 {[%clk 00:00:19]}
{[%emt 00:00:21]} Nf7+ {[%clk 00:01:21]} {[%emt 00:00:10]} 45. Kf4 {[%clk
00:00:22]} {[%emt 00:00:01]} Nd6 {[%clk 00:01:25]} 46. g4 {[%clk 00:00:21]}
{[%emt 00:00:07]} Kf6 {[%clk 00:01:14]} {[%emt 00:00:16]} 47. g5+ {[%clk
00:00:22]} {[%emt 00:00:04]} hxg5+ {[%clk 00:01:17]} 48. hxg5+ {[%clk
00:00:26]} Ke7 {[%clk 00:01:14]} {[%emt 00:00:05]} 49. Kg4 {[%clk 00:00:30]}
{[%emt 00:00:05]} Nf7 {[%clk 00:01:06]} {[%emt 00:00:13]} 50. f4 {[%clk
00:00:29]} {[%emt 00:00:06]} Kd6 {[%clk 00:00:26]} {[%emt 00:00:45]} 51. Bxb5
{[%clk 00:00:29]} {[%emt 00:00:04]} Kc5 {[%clk 00:00:28]} 52. Bxa4 {[%clk
00:00:32]} {[%emt 00:00:06]} 1-0

[Event "World Youth & Cadets Rapid Championships"]
[Site "Rhodes, Greece"]
[Date "2022.05.02"]
[Round "7.15"]
[White "Erdogmus, Yagiz Kaan"]
[Black "Celik, Ali Alper"]
[Result "1-0"]
[TimeControl "10'/game & 5\"/move"]
[WhiteElo "1442"]
[BlackElo "1371"]

1. e4 {[%clk 00:10:06]} {[%emt 00:00:04]} c5 {[%clk 00:10:09]} {[%emt
00:00:01]} 2. Nf3 {[%clk 00:10:09]} {[%emt 00:00:02]} e6 {[%clk 00:10:13]}
{[%emt 00:00:01]} 3. g3 {[%clk 00:10:09]} {[%emt 00:00:05]} Nc6 {[%clk
00:10:15]} {[%emt 00:00:03]} 4. Bg2 {[%clk 00:10:12]} d6 {[%clk 00:10:16]}
{[%emt 00:00:05]} 5. O-O {[%clk 00:10:08]} {[%emt 00:00:08]} Nf6 {[%clk
00:10:17]} {[%emt 00:00:04]} 6. Re1 {[%clk 00:10:11]} {[%emt 00:00:02]} e5
{[%clk 00:10:15]} {[%emt 00:00:08]} 7. c3 {[%clk 00:10:03]} {[%emt 00:00:13]}
Be7 {[%clk 00:10:18]} {[%emt 00:00:02]} 8. d4 {[%clk 00:10:06]} {[%emt
00:00:02]} cxd4 {[%clk 00:10:21]} {[%emt 00:00:02]} 9. cxd4 {[%clk 00:10:09]}
{[%emt 00:00:02]} Bg4 {[%clk 00:10:11]} {[%emt 00:00:14]} 10. Be3 {[%clk
00:10:08]} {[%emt 00:00:06]} exd4 {[%clk 00:09:58]} {[%emt 00:00:19]} 11. Bxd4
{[%clk 00:10:11]} {[%emt 00:00:02]} Bxf3 {[%clk 00:09:59]} {[%emt 00:00:03]} 12.
Bxf3 {[%clk 00:10:14]} {[%emt 00:00:02]} Nxd4 {[%clk 00:10:02]} {[%emt
00:00:03]} 13. Qxd4 {[%clk 00:10:16]} {[%emt 00:00:02]} O-O {[%clk 00:10:03]}
{[%emt 00:00:04]} 14. Nc3 {[%clk 00:10:20]} {[%emt 00:00:02]} a6 {[%clk
00:10:04]} {[%emt 00:00:05]} 15. Rad1 {[%clk 00:10:06]} {[%emt 00:00:19]} Qc7
{[%clk 00:10:05]} {[%emt 00:00:02]} 16. Rc1 {[%clk 00:08:49]} {[%emt 00:01:23]}
Rac8 {[%clk 00:10:05]} {[%emt 00:00:05]} 17. Nd5 {[%clk 00:08:41]} {[%emt
00:00:13]} Nxd5 {[%clk 00:09:14]} {[%emt 00:00:56]} 18. Rxc7 {[%clk 00:08:44]}
{[%emt 00:00:02]} Nxc7 {[%clk 00:09:17]} {[%emt 00:00:02]} 19. Qb6 {[%clk
00:08:45]} {[%emt 00:00:04]} Ne6 {[%clk 00:09:11]} {[%emt 00:00:11]} 20. Qxb7
{[%clk 00:08:41]} {[%emt 00:00:09]} Bf6 {[%clk 00:09:14]} {[%emt 00:00:02]} 21.
Bg4 {[%clk 00:07:44]} {[%emt 00:01:02]} Rb8 {[%clk 00:08:57]} {[%emt 00:00:22]}
22. Qxa6 {[%clk 00:07:30]} {[%emt 00:00:19]} Rxb2 {[%clk 00:09:01]} 23. Bxe6
{[%clk 00:07:12]} {[%emt 00:00:23]} fxe6 {[%clk 00:09:04]} {[%emt 00:00:02]} 24.
Qxd6 {[%clk 00:06:59]} {[%emt 00:00:17]} e5 {[%clk 00:08:16]} {[%emt 00:00:54]}
25. Qe6+ {[%clk 00:06:40]} {[%emt 00:00:24]} Kh8 {[%clk 00:08:20]} {[%emt
00:00:01]} 26. a4 {[%clk 00:06:28]} {[%emt 00:00:18]} h6 {[%clk 00:08:13]}
{[%emt 00:00:12]} 27. Qc4 {[%clk 00:05:05]} {[%emt 00:01:26]} Bd8 {[%clk
00:07:57]} {[%emt 00:00:21]} 28. Re2 {[%clk 00:04:52]} {[%emt 00:00:19]} Rb1+
{[%clk 00:07:41]} {[%emt 00:00:20]} 29. Kg2 {[%clk 00:04:45]} {[%emt 00:00:13]}
Bb6 {[%clk 00:07:32]} {[%emt 00:00:15]} 30. Qd5 {[%clk 00:04:04]} {[%emt
00:00:45]} Bd4 {[%clk 00:07:30]} {[%emt 00:00:07]} 31. a5 {[%clk 00:04:04]}
{[%emt 00:00:05]} Ra1 {[%clk 00:07:10]} {[%emt 00:00:25]} 32. Ra2 {[%clk
00:03:56]} {[%emt 00:00:13]} Rc1 {[%clk 00:07:10]} {[%emt 00:00:05]} 33. a6
{[%clk 00:03:54]} {[%emt 00:00:07]} Rcc8 {[%clk 00:07:11]} {[%emt 00:00:04]} 34.
h4 {[%clk 00:03:30]} {[%emt 00:00:29]} Ra8 {[%clk 00:07:09]} {[%emt 00:00:07]}
35. h5 {[%clk 00:02:37]} {[%emt 00:00:58]} Rad8 {[%clk 00:07:02]} {[%emt
00:00:11]} 36. Qe6 {[%clk 00:02:23]} {[%emt 00:00:20]} Rde8 {[%clk 00:07:00]}
{[%emt 00:00:07]} 37. Qg4 {[%clk 00:02:13]} {[%emt 00:00:15]} Rc8 {[%clk
00:06:57]} {[%emt 00:00:08]} 38. a7 {[%clk 00:01:54]} {[%emt 00:00:24]} Ra8
{[%clk 00:06:49]} {[%emt 00:00:13]} 39. Qd7 {[%clk 00:01:57]} {[%emt 00:00:02]}
Kg8 {[%clk 00:06:49]} {[%emt 00:00:04]} 40. f4 {[%clk 00:01:52]} {[%emt
00:00:10]} Bc3 {[%clk 00:06:10]} {[%emt 00:00:44]} 41. fxe5 {[%clk 00:01:50]}
{[%emt 00:00:08]} Bb4 {[%clk 00:05:56]} {[%emt 00:00:20]} 42. e6 {[%clk
00:01:51]} {[%emt 00:00:03]} Kh7 {[%clk 00:05:46]} {[%emt 00:00:15]} 43. e7
{[%clk 00:01:43]} {[%emt 00:00:13]} Rfe8 {[%clk 00:05:45]} {[%emt 00:00:05]} 44.
Qxe8 {[%clk 00:01:45]} {[%emt 00:00:04]} Rxe8 {[%clk 00:05:49]} {[%emt
00:00:01]} 45. a8=Q {[%emt 00:00:05]} Rxa8 {[%clk 00:05:53]} 46. Rxa8 {[%clk
00:01:50]} {[%emt 00:00:01]} Bxe7 {[%clk 00:05:57]} {[%emt 00:00:02]} 47. e5
{[%clk 00:01:50]} {[%emt 00:00:05]} g6 {[%clk 00:05:59]} {[%emt 00:00:02]} 48.
Ra7 {[%clk 00:01:53]} {[%emt 00:00:02]} 1-0

[Event "World Youth & Cadets Rapid Championships"]
[Site "Rhodes, Greece"]
[Date "2022.05.02"]
[Round "7.16"]
[White "Dotzer, Lukas"]
[Black "Shevchenko, Yaroslav"]
[Result "1-0"]
[TimeControl "10'/game & 5\"/move"]
[WhiteElo "1618"]
[BlackElo "1827"]

1. e4 {[%clk 00:10:08]} {[%emt 00:00:02]} c5 {[%clk 00:10:08]} {[%emt
00:00:02]} 2. Nc3 {[%clk 00:10:11]} {[%emt 00:00:02]} Nc6 {[%clk 00:10:11]}
{[%emt 00:00:01]} 3. Nge2 {[%clk 00:10:14]} {[%emt 00:00:02]} e6 {[%clk
00:10:12]} {[%emt 00:00:05]} 4. g3 {[%clk 00:10:16]} {[%emt 00:00:03]} Nd4
{[%clk 00:09:58]} {[%emt 00:00:19]} 5. Nxd4 {[%clk 00:10:02]} {[%emt 00:00:19]}
cxd4 {[%clk 00:10:01]} {[%emt 00:00:01]} 6. Ne2 {[%clk 00:10:06]} {[%emt
00:00:02]} e5 {[%clk 00:10:02]} {[%emt 00:00:04]} 7. Bg2 {[%clk 00:10:07]}
{[%emt 00:00:04]} g6 {[%clk 00:10:04]} {[%emt 00:00:04]} 8. O-O {[%clk
00:10:09]} {[%emt 00:00:03]} Bg7 {[%clk 00:10:07]} {[%emt 00:00:01]} 9. f4
{[%clk 00:10:10]} {[%emt 00:00:04]} d6 {[%clk 00:09:59]} {[%emt 00:00:13]} 10.
d3 {[%clk 00:10:08]} {[%emt 00:00:06]} Ne7 {[%clk 00:09:56]} {[%emt 00:00:08]}
11. c3 {[%clk 00:10:06]} {[%emt 00:00:07]} dxc3 {[%clk 00:09:51]} {[%emt
00:00:11]} 12. bxc3 {[%clk 00:10:07]} {[%emt 00:00:04]} O-O {[%clk 00:09:37]}
{[%emt 00:00:18]} 13. Ba3 {[%clk 00:10:03]} {[%emt 00:00:10]} Bg4 {[%clk
00:09:03]} {[%emt 00:00:38]} 14. Rb1 {[%clk 00:09:30]} {[%emt 00:00:38]} b6
{[%clk 00:08:38]} {[%emt 00:00:30]} 15. Bf3 {[%clk 00:08:51]} {[%emt 00:00:45]}
Be6 {[%clk 00:08:29]} {[%emt 00:00:13]} 16. d4 {[%clk 00:08:29]} {[%emt
00:00:28]} exd4 {[%clk 00:07:53]} {[%emt 00:00:41]} 17. cxd4 {[%clk 00:08:07]}
{[%emt 00:00:27]} Bxa2 {[%clk 00:07:41]} {[%emt 00:00:17]} 18. Rc1 {[%clk
00:07:54]} {[%emt 00:00:18]} d5 {[%clk 00:06:15]} {[%emt 00:01:31]} 19. exd5
{[%clk 00:06:45]} {[%emt 00:01:14]} Re8 {[%clk 00:05:56]} {[%emt 00:00:24]} 20.
Nc3 {[%clk 00:06:16]} {[%emt 00:00:34]} Bc4 {[%clk 00:05:22]} {[%emt 00:00:39]}
21. Qa4 {[%clk 00:02:27]} {[%emt 00:03:55]} Bxf1 {[%clk 00:04:59]} {[%emt
00:00:27]} 22. Kxf1 {[%clk 00:02:09]} {[%emt 00:00:23]} Nf5 {[%clk 00:04:27]}
{[%emt 00:00:38]} 23. Nb5 {[%clk 00:01:46]} {[%emt 00:00:27]} Rc8 {[%clk
00:03:12]} {[%emt 00:01:20]} 24. Rxc8 {[%clk 00:01:09]} {[%emt 00:00:42]} Qxc8
{[%clk 00:03:15]} {[%emt 00:00:02]} 25. Nxa7 {[%clk 00:01:00]} {[%emt
00:00:14]} Ne3+ {[%clk 00:02:46]} {[%emt 00:00:34]} 26. Kg1 {[%clk 00:00:58]}
{[%emt 00:00:07]} Qd8 {[%clk 00:02:13]} {[%emt 00:00:39]} 27. d6 {[%clk
00:00:25]} {[%emt 00:00:37]} Nf5 {[%clk 00:01:54]} {[%emt 00:00:24]} 28. d7
{[%emt 00:00:24]} Bxd4+ {[%clk 00:01:40]} {[%emt 00:00:19]} 29. Kg2 {[%clk
00:00:09]} {[%emt 00:00:02]} Re1 {[%clk 00:01:30]} {[%emt 00:00:15]} 30. Qc6
{[%clk 00:00:10]} {[%emt 00:00:04]} Rg1+ {[%clk 00:00:39]} {[%emt 00:00:56]} 31.
Kh3 {[%clk 00:00:14]} {[%emt 00:00:01]} Bf6 {[%clk 00:00:26]} {[%emt 00:00:18]}
32. Qc8 {[%clk 00:00:16]} {[%emt 00:00:04]} Nd4 {[%clk 00:00:17]} {[%emt
00:00:13]} 33. Bd5 {[%clk 00:00:11]} {[%emt 00:00:09]} Kg7 {[%clk 00:00:15]}
{[%emt 00:00:08]} 34. Bd6 {[%clk 00:00:12]} {[%emt 00:00:04]} Ra1 {[%clk
00:00:14]} {[%emt 00:00:05]} 35. Bc7 {[%emt 00:00:04]} Qe7 {[%clk 00:00:10]}
{[%emt 00:00:09]} 36. d8=Q {[%emt 00:00:05]} Qxd8 {[%clk 00:00:08]} {[%emt
00:00:07]} 37. Bxd8 {[%clk 00:00:17]} Bxd8 {[%clk 00:00:12]} {[%emt 00:00:01]}
38. Qxd8 {[%clk 00:00:20]} {[%emt 00:00:03]} Rxa7 {[%clk 00:00:16]} {[%emt
00:00:01]} 39. Qxb6 {[%clk 00:00:23]} {[%emt 00:00:02]} Ra4 {[%clk 00:00:18]}
{[%emt 00:00:03]} 40. Bb3 {[%clk 00:00:24]} {[%emt 00:00:04]} Nxb3 {[%clk
00:00:20]} {[%emt 00:00:03]} 41. Qxb3 {[%clk 00:00:28]} {[%emt 00:00:01]} Ra6
{[%clk 00:00:22]} {[%emt 00:00:02]} 42. Qc3+ {[%clk 00:00:31]} {[%emt
00:00:02]} Kh6 {[%clk 00:00:24]} {[%emt 00:00:03]} 43. Kg4 {[%clk 00:00:32]}
{[%emt 00:00:05]} Re6 {[%clk 00:00:24]} {[%emt 00:00:04]} 44. Kf3 {[%clk
00:00:35]} {[%emt 00:00:02]} Ra6 {[%clk 00:00:26]} {[%emt 00:00:04]} 45. g4
{[%clk 00:00:39]} {[%emt 00:00:01]} Ra8 {[%clk 00:00:22]} {[%emt 00:00:09]} 46.
Qf6 {[%clk 00:00:34]} {[%emt 00:00:10]} Ra7 {[%emt 00:00:08]} 47. Kg3 {[%clk
00:00:34]} {[%emt 00:00:04]} Ra3+ {[%clk 00:00:16]} {[%emt 00:00:08]} 48. Kg2
{[%clk 00:00:35]} {[%emt 00:00:04]} Rg3+ {[%clk 00:00:17]} {[%emt 00:00:05]} 49.
Kf2 {[%clk 00:00:36]} {[%emt 00:00:04]} Rf3+ {[%clk 00:00:21]} {[%emt
00:00:01]} 50. Ke2 {[%emt 00:00:02]} Re3+ {[%clk 00:00:25]} 51. Kd2 {[%clk
00:00:41]} {[%emt 00:00:04]} Rd3+ {[%clk 00:00:29]} 52. Kc2 {[%clk 00:00:46]}
Rd2+ {[%clk 00:00:34]} 53. Kc3 {[%emt 00:00:07]} Rc2+ {[%clk 00:00:25]} {[%emt
00:00:08]} 54. Kd4 {[%clk 00:00:52]} {[%emt 00:00:02]} Rc4+ {[%clk 00:00:26]}
{[%emt 00:00:04]} 55. Kd3 {[%clk 00:00:54]} {[%emt 00:00:03]} Rc7 {[%clk
00:00:18]} {[%emt 00:00:14]} 56. Qg5+ {[%clk 00:00:54]} {[%emt 00:00:04]} Kg7
{[%clk 00:00:19]} {[%emt 00:00:04]} 57. Qe5+ {[%clk 00:00:58]} {[%emt
00:00:01]} 1-0

[Event "World Youth & Cadets Rapid Championships"]
[Site "Rhodes, Greece"]
[Date "2022.05.02"]
[Round "7.17"]
[White "Lechowski, Witold"]
[Black "Korelskiy, Egor"]
[Result "0-1"]
[TimeControl "10'/game & 5\"/move"]
[WhiteElo "1542"]
[BlackElo "1822"]

1. d4 {[%clk 00:10:09]} {[%emt 00:00:01]} d5 {[%clk 00:10:09]} {[%emt
00:00:01]} 2. c4 {[%clk 00:10:12]} {[%emt 00:00:02]} e6 {[%clk 00:10:12]}
{[%emt 00:00:01]} 3. Nf3 {[%clk 00:10:16]} {[%emt 00:00:02]} c6 {[%clk
00:10:16]} {[%emt 00:00:01]} 4. Nc3 {[%clk 00:10:18]} {[%emt 00:00:02]} dxc4
{[%clk 00:10:20]} {[%emt 00:00:02]} 5. a4 {[%clk 00:10:21]} {[%emt 00:00:02]}
Bb4 {[%clk 00:10:23]} {[%emt 00:00:02]} 6. e4 {[%clk 00:10:16]} {[%emt
00:00:10]} b5 {[%clk 00:10:26]} {[%emt 00:00:02]} 7. axb5 {[%clk 00:09:52]}
{[%emt 00:00:28]} cxb5 {[%clk 00:10:29]} {[%emt 00:00:02]} 8. e5 {[%clk
00:09:45]} {[%emt 00:00:13]} Bb7 {[%clk 00:10:30]} {[%emt 00:00:04]} 9. Bd2
{[%clk 00:09:42]} {[%emt 00:00:08]} Bxc3 {[%clk 00:10:24]} {[%emt 00:00:11]} 10.
bxc3 {[%clk 00:09:31]} {[%emt 00:00:16]} a6 {[%clk 00:10:23]} {[%emt 00:00:05]}
11. Be2 {[%clk 00:08:47]} {[%emt 00:00:49]} Ne7 {[%clk 00:10:23]} {[%emt
00:00:05]} 12. h3 {[%clk 00:08:30]} {[%emt 00:00:22]} Nd7 {[%clk 00:10:25]}
{[%emt 00:00:03]} 13. Qc2 {[%clk 00:08:17]} {[%emt 00:00:19]} h6 {[%clk
00:10:23]} {[%emt 00:00:07]} 14. g4 {[%clk 00:08:14]} {[%emt 00:00:09]} Nb6
{[%clk 00:10:21]} {[%emt 00:00:06]} 15. Rg1 {[%clk 00:08:06]} {[%emt 00:00:12]}
Qd5 {[%clk 00:09:42]} {[%emt 00:00:45]} 16. Kf1 {[%clk 00:07:23]} {[%emt
00:00:48]} Qe4 {[%clk 00:09:37]} {[%emt 00:00:10]} 17. Qb2 {[%clk 00:07:08]}
{[%emt 00:00:19]} Ned5 {[%clk 00:09:07]} {[%emt 00:00:36]} 18. g5 {[%clk
00:06:35]} {[%emt 00:00:38]} h5 {[%clk 00:07:42]} {[%emt 00:01:30]} 19. Qc1
{[%clk 00:05:08]} {[%emt 00:01:32]} Qf5 {[%clk 00:07:38]} {[%emt 00:00:09]} 20.
Rg3 {[%clk 00:04:51]} {[%emt 00:00:23]} h4 {[%clk 00:07:35]} {[%emt 00:00:07]}
21. Rg4 {[%clk 00:04:54]} {[%emt 00:00:02]} Ne3+ {[%clk 00:07:32]} {[%emt
00:00:08]} 22. Bxe3 {[%clk 00:04:17]} {[%emt 00:00:41]} Bxf3 {[%clk 00:07:35]}
{[%emt 00:00:02]} 23. Bxf3 {[%clk 00:03:40]} {[%emt 00:00:43]} Qxf3 {[%clk
00:07:38]} {[%emt 00:00:02]} 24. g6 {[%clk 00:03:25]} {[%emt 00:00:20]} Qxh3+
{[%clk 00:07:34]} {[%emt 00:00:09]} 25. Rg2 {[%clk 00:03:29]} {[%emt 00:00:01]}
O-O {[%clk 00:06:38]} {[%emt 00:01:01]} 26. Bh6 {[%clk 00:02:35]} {[%emt
00:00:59]} fxg6 {[%clk 00:05:54]} {[%emt 00:00:50]} 27. Qg5 {[%clk 00:01:29]}
{[%emt 00:01:09]} Qd3+ {[%clk 00:04:43]} {[%emt 00:01:16]} 28. Kg1 {[%clk
00:01:18]} {[%emt 00:00:16]} Nd5 {[%clk 00:03:32]} {[%emt 00:01:17]} 29. Qxh4
{[%clk 00:00:34]} {[%emt 00:00:49]} gxh6 {[%clk 00:02:34]} {[%emt 00:01:03]} 30.
Qxh6 {[%clk 00:00:37]} {[%emt 00:00:02]} Nf4 {[%clk 00:02:37]} {[%emt
00:00:02]} 31. Rh2 {[%clk 00:00:27]} {[%emt 00:00:15]} Ne2+ {[%clk 00:02:34]}
{[%emt 00:00:08]} 32. Kh1 {[%clk 00:00:26]} {[%emt 00:00:05]} Qe4+ {[%clk
00:02:23]} {[%emt 00:00:16]} 33. Rg2 {[%clk 00:00:21]} {[%emt 00:00:10]} Nf4
{[%clk 00:02:20]} {[%emt 00:00:08]} 34. Rag1 {[%clk 00:00:18]} {[%emt
00:00:09]} Ra7 {[%clk 00:02:23]} {[%emt 00:00:02]} 35. f3 {[%clk 00:00:06]}
{[%emt 00:00:17]} Qxf3 {[%clk 00:02:24]} {[%emt 00:00:04]} 36. Qxf4 {[%clk
00:00:09]} {[%emt 00:00:02]} Rxf4 {[%clk 00:02:26]} {[%emt 00:00:03]} 0-1